Favor dotis. Die privilegierung der mitgift im system des Romischen Rechts.
Guardat en:
| Autor principal: | |
|---|---|
| Format: | Llibre |
| Idioma: | alemany |
| Publicat: |
Wien, Österreich:
Böhlau,
2009.
|
| Col·lecció: | Forschungen zum römischen Recht, 53. Abhandlung.
|
| Matèries: | |
| Etiquetes: |
Afegir etiqueta
Sense etiquetes, Sigues el primer a etiquetar aquest registre!
|
MARC
| LEADER | 00000cam a2200000 a 4500 | ||
|---|---|---|---|
| 001 | UCC0132 | ||
| 003 | CL-VaPUC | ||
| 005 | 20220822114412.0 | ||
| 008 | 170721e20090000au |||||||||||||||||ger|d | ||
| 999 | |c 369076 |d 369074 | ||
| 020 | |a 978-3-205-78328-2 | ||
| 040 | |c Pontificia Universidad Católica de Valparaíso | ||
| 082 | 0 | 4 | |a 340.54 STA 2009 |2 21 |
| 100 | 0 | |a Stagl, Jakob Fortunat |e autor |9 594063 | |
| 245 | 1 | 0 | |a Favor dotis. |b Die privilegierung der mitgift im system des Romischen Rechts. |
| 260 | |a Wien, Österreich: |b Böhlau, |c 2009. | ||
| 300 | |a 386 páginas. | ||
| 490 | 0 | |a Forschungen zum römischen Recht, 53. Abhandlung. | |
| 500 | |a c.2 Donación Familia Prof. Alejandro Guzmán Brito. | ||
| 583 | |a last modification |c 20170721 23:47:00 |k Rodrigo Vera | ||
| 650 | 0 | |a Derecho romano |9 255930 | |
| 650 | 0 | |a Fuentes del derecho |9 255162 | |
| 942 | |c BK |2 ddc |n 0 | ||
| 945 | |d 20170721 23:47:00 |a dcastane | ||
| 952 | |0 0 |1 0 |3 erd |4 0 |6 340_540000000000000_STA_2009 |7 0 |8 DER_ROM |9 484622 |a BIBDER |b BIBDER |i 5410576 |l 2 |o 340.54 STA 2009 |p 5410576 |r 2023-01-20 |s 2021-12-02 |w 2019-11-24 |x Ubicación 4to piso |y BK |z Este recurso debe solicitarse con anticipación |k DER | ||
| 952 | |0 0 |1 0 |2 ddc |4 0 |6 340_540000000000000_STA_2009 |7 1 |8 C_AGB |9 580195 |a BIBDER |b BIBDER |d 2022-01-06 |e Donación |i 5635454 |o 340.54 STA 2009 |p 5635454 |r 2023-01-25 |t 2 |w 2022-01-06 |y BK_US |k AGB | ||